000 00815cas a2200217 a 4500
005 20170517154450.0
008 890814c19809999ck zx p r f0 0a0spa d
022 _a0120-5471
040 _ahm
_chm
_dCO-BoIAVH
041 0 _aspa
044 _ack
090 _aSE-
245 0 0 _aBoletín Departamento de Biología /
_cFacultad de Ciencias. Universidad Nacional de Colombia.
260 _aBogotá (Colombia) :
_bUniversidad Nacional de Colombia,
_c1980- .
300 _bilustraciones ;
_c24 x 17 cm.
310 _au
650 2 6 _aBiología
_zColombia
_vPublicaciones periódicas
650 2 6 _aCiencias biológicas
_zColombia
_vPublicaciones periódicas
710 2 6 _aUniversidad Nacional de Colombia
_c(Bogotá)
_bDepartamento de Biología.
_bFacultad de Ciencias.
942 _2z
_cREVISTA
999 _c16748
_d16748